Dante Alighieri´s Göttliche Komödie (Record no. 6369)

MARC details
000 -CABECERA
campo de control de longitud fija 00631nam a2200217 a 4500
001 - NÚMERO DE CONTROL
campo de control BRCA_6686
005 - FECHA Y HORA DE LA ÚLTIMA TRANSACCIÓN
campo de control 20190320205543.0
008 - DATOS DE LONGITUD FIJA--INFORMACIÓN GENERAL
campo de control de longitud fija 171011s1876----gw-#######---#000-0#ger-#
041 ## - CÓDIGO DE LENGUA
Código de lengua del texto/banda sonora o título independiente ger
044 ## - CÓDIGO DEL PAÍS DE LA ENTIDAD EDITORA/PRODUCTORA
Código MARC del país gw
050 #4 - SIGNATURA TOPOGRÁFICA DE LA BIBLIOTECA DEL CONGRESO
Número de clasificación PQ4317
Número de documento/Ítem .S7 1876
100 1# - ENTRADA PRINCIPAL--NOMBRE DE PERSONA
Nombre de persona Dante Alighieri
Fechas asociadas al nombre 1265-1321
9 (RLIN) 16718
240 10 - TÍTULO UNIFORME
Título uniforme La divina comedia
Fecha de publicación/de la obra 1830
245 10 - MENCIÓN DE TÍTULO
Título Dante Alighieri´s Göttliche Komödie
Mención de responsabilidad, etc. Dante Alighieri; übersetzt und erläutert von Karl [Strectfusz].
260 ## - PUBLICACIÓN, DISTRIBUCIÓN, ETC.
Lugar de publicación, distribución, etc. Leipzig
Nombre del editor, distribuidor, etc. Philipp Reclam
Fecha de publicación, distribución, etc. 1876
300 ## - DESCRIPCIÓN FÍSICA
Extensión 622 p.
Dimensiones 14 cm.
500 ## - NOTA GENERAL
Nota general L10
650 14 - PUNTO DE ACCESO ADICIONAL DE MATERIA--TÉRMINO DE MATERIA
Término de materia o nombre geográfico como elemento de entrada Poesías épicas italianas
9 (RLIN) 16719
902 ## - CATALOGADOR
Iniciales GFM
942 ## - ELEMENTOS DE PUNTO DE ACCESO ADICIONAL (KOHA)
Fuente del sistema de clasificación o colocación Library of Congress Classification
Tipo de ítem Koha Libros
Holdings
Estado de retiro Estado de pérdida Estado dañado No para préstamo Localización permanente Ubicación/localización actual Fecha de adquisición Número de inventario Total de préstamos Signatura topográfica completa Código de barras Fecha visto por última vez Precio válido a partir de Tipo de ítem Koha
El ejemplar forma parte de la colección y puede ser consultado según las políticas vigentes.       Biblioteca del Museo Franz Mayer (Rogerio Casas-Alatriste) Biblioteca del Museo Franz Mayer (Rogerio Casas-Alatriste) 17/10/2011 L10   PQ4317 .S7 1876 (L10) 7133 22/03/2019 22/03/2019 Libros